Hotel, hostel and hospital housekeeping
Guardado en:
| Autor principal: | |
|---|---|
| Otros Autores: | |
| Formato: | Libro |
| Lenguaje: | inglés |
| Publicado: |
London
Hodder & Stoughton
1988
|
| Edición: | 5. ed. |
| Materias: | |
| Etiquetas: |
Sin Etiquetas, Sea el primero en etiquetar este registro!
|
MARC
| LEADER | 00000nam a2200000 4500 | ||
|---|---|---|---|
| 001 | c132761 | ||
| 005 | 20221123135340.3 | ||
| 020 | |a 0-7131-7732-2 | ||
| 041 | 0 | |a eng | |
| 044 | |a GB | ||
| 245 | 1 | 0 | |a Hotel, hostel and hospital housekeeping |c Joan C. Branson, Margaret Lennox |
| 250 | |a 5. ed. | ||
| 264 | 1 | |a London |b Hodder & Stoughton |c 1988 | |
| 300 | |a 307 s. | ||
| 610 | 2 | 0 | |a hotely |
| 610 | 2 | 0 | |a ubytovanie |
| 610 | 2 | 0 | |a pohostinstvo |
| 610 | 2 | 0 | |a reštaurácie |
| 610 | 2 | 0 | |a nemocnice |
| 610 | 2 | 0 | |a hospodárenie podnikové |
| 610 | 2 | 0 | |a zariadenia ubytovacie |
| 610 | 2 | 0 | |a zariadenia stravovacie |
| 610 | 2 | 0 | |a zariadenia kuchynské |
| 610 | 2 | 0 | |a služby obyvateľstvu |
| 610 | 2 | 0 | |a plánovanie |
| 100 | 1 | |a Branson, Joan C. | |
| 700 | 1 | |a Lennox, Margaret | |